Statistiken für Auswanderungen Myanmar

Klicken Sie hier um das Quiz zu spielen!

Allgemein

  • Dieses Quiz wurde 21 mal gespielt
  • Das Durchschnittsergebnis liegt bei 8 aus 10

Antwortstatistiken

PlatzLandAnzahl% Korrekt
2.Vereinigte Staaten96.420
100%
7.Vereinigtes Königreich9.800
95%
1.Australien107.112
90%
6.Japan15.800
90%
8.Deutschland7.300
85%
4.Malaysia66.500
85%
5.Südkorea22.000
85%
3.Singapur72.368
80%
10.Kambodscha4.700
70%
9.Hongkong5.400
5%

Verteilung der Resultate

Perzentil nach korrekt beantworteten Fragen

Anzahl Personen mit jedem Resultat

Ihre Resultats-Entwicklung

Sie haben dieses Quiz noch nicht gespielt